|
|
|
|
| LEADER |
00000nas a22000007i 4500 |
| 001 |
ssj0024188 |
| 003 |
WaSeSS |
| 005 |
20200512172242.0 |
| 006 |
m d |
| 007 |
cr n |
| 008 |
050614c19989999paubr pss 0 a0eng |
| 010 |
|
|
|a 2015203745
|
| 022 |
|
|
|a 2381-8875
|y 1537-1816
|
| 035 |
|
|
|a (WaSeSS)ssj0024188
|
| 040 |
|
|
|a OCLCS
|b eng
|c OCLCS
|d OCLCQ
|d GBT
|d OCLCE
|d OCL
|d OCLCQ
|d OCLCO
|d DLC
|d OCLCO
|d OCLCF
|d OCLCO
|d WaSeSS
|
| 042 |
|
|
|a nsdp
|a pcc
|
| 043 |
|
|
|a n-us---
|
| 050 |
|
4 |
|a HG8751
|b .A53
|
| 082 |
0 |
4 |
|a 368.3/2/00973
|2 19
|
| 210 |
0 |
|
|a J. finan. serv. prof.
|b (Online)
|
| 222 |
|
0 |
|a Journal of financial service professionals
|b (Online)
|
| 245 |
0 |
0 |
|a Journal of financial service professionals
|h [electronic resource].
|
| 260 |
|
|
|a Bryn Mawr, Pa. :
|b Society of Financial Service Professionals
|
| 310 |
|
|
|a Bimonthly
|
| 362 |
1 |
|
|a Print began with v. 52, no. 6 (Nov. 1998).
|
| 506 |
|
|
|a License restrictions may limit access.
|
| 588 |
|
|
|a Description based on: Vol. 69, no. 5 (September 2015); title from PDF cover image (Society of Financial Service Professionals website, viewed on November 4, 2015).
|
| 588 |
|
|
|a Latest issue consulted: Vol. 69, no. 5 (September 2015) (viewed on November 4, 2015).
|
| 650 |
|
0 |
|a Life insurance
|v Periodicals.
|
| 650 |
|
0 |
|a Life insurance
|z United States
|v Periodicals.
|
| 650 |
|
0 |
|a Finance, Personal
|v Periodicals.
|
| 650 |
|
7 |
|a Finance, Personal.
|2 fast
|0 (OCoLC)fst00924449
|
| 650 |
|
7 |
|a Life insurance.
|2 fast
|0 (OCoLC)fst01715858
|
| 651 |
|
7 |
|a United States.
|2 fast
|0 (OCoLC)fst01204155
|
| 655 |
|
0 |
|a Electronic journals.
|
| 710 |
2 |
|
|a Society of Financial Service Professionals.
|
| 776 |
0 |
8 |
|i Print version:
|t Journal of financial service professionals
|x 1537-1816
|w (DLC)sn 99031039
|w (OCoLC)40242176
|
| 780 |
0 |
0 |
|t Journal of the American Society of CLU & ChFC
|
| 856 |
4 |
0 |
|z Full text available from Research Library: 11/01/1998 to 03/31/2006
|u https://search.proquest.com/publication/34822
|